000 01004nam a2200301Ia 4500
001 Z_6434
003 CHAP
008 220113s1996 xx 000 0 und d
010 _a169691
020 _a0-9654660-0-0
040 _cCHAP
082 _a664.908 O75
245 _aThe Original recyclers /
_ceditores Don A. Franco y Winfield Swanson
260 _aEstados Unidos de América :
_bThe Animal Protein Producers Industry :,
_bThe Fats & Proteins Research Foundation :,
_bThe National Renderers Association,
_c1996
300 _a272 p.
503 _aej.1: s/n
504 _aIncluye bibliografía e índice
650 _aAceites y grasas
_x
_x Estados Unidos
_9144771
650 _aIndustria de reciclaje
_x
_x Estados Unidos
_x
_x Historia
_9144772
650 _aManejo de desechos
_x
_x Estados Unidos
_9144773
650 _aProductos de origen animal
_x
_x Estados Unidos
_9144774
901 _a664.908 O75
902 _aM
910 _a1996
942 _c1
942 _cc1
999 _c169691
_d169691